00651nam a2200181Ia 4500003000900000008004100009040001600050080002500066110003300091245017100124260005000295300000900345500002800354650002800382650001800410650002000428650002100448IN-BaIIA211028s9999 xx 000 0 eng d cIIA Library a083.7:696.141.1bISI aIndian Standards Institution 0aIndian standard specification for vitreous sanitary appliances (vitreous China)bpt. 2, specific requirements of wash-down water closetscIndian Standards Institution aNew DelhibIndian Standards Institutionc1973 a10p. aIS 2556 : Part 2 : 1973 a Sanitary Appliances  a Standards  a Water Closets aNASA Thesaurus